| Поле | Инд. | ПП | Название | Значение |
|---|---|---|---|---|
| Тип записи | a | |||
| Библиографический уровень | m | |||
| 001 | Контрольный номер | 9746bd3d-f72d-4f98-9e68-a099a9bbf831 | ||
| 005 | Дата корректировки | 20131112042924.3 | ||
| 008 | Кодируемые данные | 950630s1995 rur 00000 rus d | ||
| 040 | a | Служба первич. каталог. | НБ ТвГУ | |
| 041 | a | Код языка текста | rus | |
| 080 | a | Индекс УДК | 636.5(470.331) | |
| 084 | a | Индекс другой классификации/Индекс ББК | П68 | |
| 090 | x | Авторский знак | Е30 | |
| a | Полочн. индекс | 636.5 | ||
| 100 | 1_ | a | Автор | Егоров Алексей Николаевич |
| 245 | 10 | a | Заглавие | Здравствуй, весна |
| b | Продолж. заглавия | [Выпускники Шишково-Дубровской сред. шк. - новоселы Завидовской птицефабрики] | ||
| c | Ответственность | А. Н. Егоров | ||
| 260 | 0_ | a | Место издания | Калинин |
| b | Издательство | Книжное изд-во | ||
| c | Дата издания | 1960 | ||
| 300 | a | Объем | 20 с. | |
| 650 | a | Основная рубрика | Птицеводство | |
| z | Географическая подрубрика | Завидово, поселок | ||
| z | Географическая подрубрика | Тверская область | ||
| 650 | a | Основная рубрика | Выбор профессии | |
| 653 | a | Ключевые слова | Выбор профессии | |
| a | Ключевые слова | Птицеводство в Тверской области | ||
| a | Ключевые слова | Птицефабрики Тверской области | ||
| a | Ключевые слова | Завидово, поселок | ||
| a | Ключевые слова | Завидовская птицефабрика | ||
| a | Ключевые слова | Шишково-Дубровская средняя школа | ||
| a | Ключевые слова | Выпускники Шишково-Дубровской средней школы | ||
| a | Ключевые слова | Краеведение | ||
| 852 | t | Порядковый номер экземпляра | 1 | |
| p | Инвентарный номер | 292164 | ||
| 930 | a | Новая/Ретро | краеведение | |
| 954 | a | Дата поступления на обработку | 20021204 | |
| 999 | a | Подразделение 2 | ОРК |